[Event "Gelsenkirchen Koenigsspringer op"]
[Site "Gelsenkirchen"]
[Date "2019.12.28"]
[Round "3"]
[White "Renn, Thorsten"]
[Black "Hammerich, Simon"]
[Result "1/2-1/2"]
[WhiteElo "1891"]
[BlackElo "2043"]
[PlyCount "54"]
[EventDate "2019.12.27"]
[EventType "swiss"]
[EventRounds "7"]
[EventCountry "GER"]
[SourceTitle "CBM 194 Extra"]
[Source "ChessBase"]
[SourceDate "2020.03.31"]
[SourceVersion "1"]
[SourceVersionDate "2020.03.31"]
[SourceQuality "1"]

1. e4 e5 2. Nf3 Nc6 3. d4 exd4 4. Nxd4 Nf6 5. Nxc6 bxc6 6. e5 Qe7 7. Qe2 Nd5 8. c4 Nb6 9. Nd2 Qe6 10. Qe4 g6 11. Bd3 Bg7 12. 0-0 0-0 13. f4 f5 14. Qe2 Ba6 15. b3 d6 16. Bb2 Nd7 17. Nf3 h6 18. Rae1 c5 19. Qc2 Rfe8 20. g4 fxg4 21. exd6 Qxd6 22. Bxg7 Kxg7 23. Qc3+ Nf6 24. Ne5 Qd4+ 25. Qxd4 cxd4 26. Bxg6 Re7 27. Bf5 Bc8 1/2-1/2

[Event "Gelsenkirchen Koenigsspringer op"]
[Site "Gelsenkirchen"]
[Date "2019.12.27"]
[Round "1"]
[White "Renn, Thorsten"]
[Black "Guelcan, Batuhan Ege"]
[Result "1/2-1/2"]
[WhiteElo "1891"]
[BlackElo "1389"]
[PlyCount "82"]
[EventDate "2019.12.27"]
[EventType "swiss"]
[EventRounds "7"]
[EventCountry "GER"]
[SourceTitle "CBM 194 Extra"]
[Source "ChessBase"]
[SourceDate "2020.03.31"]
[SourceVersion "1"]
[SourceVersionDate "2020.03.31"]
[SourceQuality "1"]

1. e4 e5 2. Nf3 Nc6 3. d4 exd4 4. Nxd4 Be7 5. Nxc6 dxc6 6. Qxd8+ Bxd8 7. Bc4 Nf6 8. Nc3 0-0 9. 0-0 Re8 10. Re1 b5 11. Bb3 b4 12. Na4 Rxe4 13. Bg5 Rxe1+ 14. Rxe1 h6 15. Bxf6 Bxf6 16. Re8+ Kh7 17. Bxf7 Bb7 18. Rxa8 Bxa8 19. b3 Bd4 20. Kf1 c5 21. f3 Bc6 22. Ke2 Bg1 23. h3 g5 24. Kd3 Kg7 25. Bh5 Bd5 26. Nb2 Kf6 27. Nc4 Bxc4+ 28. Kxc4 Ke5 29. Kd3 Kf4 30. Ke2 Bd4 31. Bf7 Ke5 32. Kd3 Kd6 33. Ke4 Ke7 34. Bd5 Kf8 35. Kf5 Kg7 36. g4 a5 37. Ke6 Kg6 38. Be4+ Kg7 39. Bf5 Be3 40. Be4 Bd4 41. Bf5 Bg1 1/2-1/2

[Event "Ruhrgebiet Verbandsklasse Gruppe 3 1617"]
[Site "Germany"]
[Date "2017.04.30"]
[Round "9.5"]
[White "Renn, Thorsten"]
[Black "Sauer, Bernd"]
[Result "0-1"]
[WhiteElo "1791"]
[BlackElo "1903"]
[PlyCount "52"]
[EventDate "2016.09.04"]
[EventType "team-tourn"]
[EventRounds "9"]
[EventCountry "GER"]
[SourceTitle "EXT 2022"]
[Source "ChessBase"]
[SourceDate "2021.10.06"]
[SourceVersion "1"]
[SourceVersionDate "2021.10.06"]
[SourceQuality "1"]
[WhiteTeam "Horst Emscher II"]
[BlackTeam "Katernberg SF IV"]
[WhiteTeamCountry "GER"]
[BlackTeamCountry "GER"]

1. e4 c6 2. d4 d5 3. f3 e6 4. Nc3 Nf6 5. Nge2 Be7 6. Qd3 b6 7. Bg5 Ba6 8. Qe3 Nbd7 9. h4 h6 10. Bxf6 Nxf6 11. 0-0-0 Qc7 12. Nf4 Bxf1 13. Rhxf1 0-0-0 14. Rfe1 Rhe8 15. Nfe2 Nd7 16. Qd3 Bxh4 17. Rf1 b5 18. a4 a6 19. e5 Nb6 20. b3 Be7 21. Na2 bxa4 22. Qxa6+ Kd7 23. b4 Nc4 24. b5 Ba3+ 25. Kb1 Rb8 26. Nec3 Ra8 0-1

[Event "Ruhrgebiet Verbandsklasse Gruppe 3 1617"]
[Site "Germany"]
[Date "2017.03.12"]
[Round "8.5"]
[White "Isdepski, Marcus"]
[Black "Renn, Thorsten"]
[Result "1-0"]
[WhiteElo "1882"]
[BlackElo "1791"]
[PlyCount "53"]
[EventDate "2016.09.04"]
[EventType "team-tourn"]
[EventRounds "9"]
[EventCountry "GER"]
[SourceTitle "EXT 2022"]
[Source "ChessBase"]
[SourceDate "2021.10.06"]
[SourceVersion "1"]
[SourceVersionDate "2021.10.06"]
[SourceQuality "1"]
[WhiteTeam "Borbeck Weisse Dame II"]
[BlackTeam "Horst Emscher II"]
[WhiteTeamCountry "GER"]
[BlackTeamCountry "GER"]

1. c4 e6 2. g3 d5 3. b3 a5 4. Bb2 f5 5. Nf3 Nf6 6. Bg2 c6 7. 0-0 Bd6 8. d4 0-0 9. Nc3 Nbd7 10. Rb1 Qe8 11. cxd5 exd5 12. e3 Qh5 13. Nh4 Ng4 14. h3 Ndf6 15. hxg4 fxg4 16. e4 dxe4 17. Bxe4 g5 18. Ng2 Nxe4 19. Nxe4 Bf5 20. Nxd6 Bxb1 21. Qxb1 Rf6 22. Nf5 Re8 23. d5 Rg6 24. Re1 Rd8 25. Ne7+ Kf7 26. Nxg6 hxg6 27. Qe4 1-0

[Event "Ruhrgebiet Verbandsklasse Gruppe 2 1516"]
[Site "Germany"]
[Date "2015.11.08"]
[Round "3.8"]
[White "Renn, Thorsten"]
[Black "Wegner, Stephan"]
[Result "0-1"]
[WhiteElo "1800"]
[BlackElo "1453"]
[PlyCount "47"]
[EventDate "2015.09.06"]
[EventType "team-tourn"]
[EventRounds "9"]
[EventCountry "GER"]
[SourceTitle "EXT 2022"]
[Source "ChessBase"]
[SourceDate "2021.10.06"]
[SourceVersion "1"]
[SourceVersionDate "2021.10.06"]
[SourceQuality "1"]
[WhiteTeam "Horst Emscher II"]
[BlackTeam "Boenen SV"]
[WhiteTeamCountry "GER"]
[BlackTeamCountry "GER"]

1. e4 e6 2. d4 d5 3. Nc3 Bb4 4. a3 Bxc3+ 5. bxc3 Ne7 6. Qg4 c5 7. Qxg7 Rg8 8. Qxh7 Qc7 9. dxc5 Qxc5 10. Bd2 Nd7 11. exd5 Nf6 12. Qh4 Nfxd5 13. c4 Nf5 14. Qh7 Nf6 15. Qh3 Qe5+ 16. Be2 Qxa1+ 17. Bd1 Ne4 18. Bb4 Qd4 19. Qf3 Nh4 20. Qe2 Nxg2+ 21. Kf1 Nf4 22. Qe3 Qxc4+ 23. Ne2 Nd5 24. Qd3 0-1

[Event "Ruhrgebiet Verbandsklasse Gruppe 3 1415"]
[Site "Germany"]
[Date "2015.03.29"]
[Round "8.4"]
[White "Lauer, Boris"]
[Black "Renn, Thorsten"]
[Result "1/2-1/2"]
[WhiteElo "1829"]
[BlackElo "1744"]
[PlyCount "45"]
[EventDate "2014.09.21"]
[EventType "team-tourn"]
[EventRounds "9"]
[EventCountry "GER"]
[SourceTitle "EXT 2022"]
[Source "ChessBase"]
[SourceDate "2021.10.06"]
[SourceVersion "1"]
[SourceVersionDate "2021.10.06"]
[SourceQuality "1"]
[WhiteTeam "Annen Sport Union"]
[BlackTeam "Buer Hassel"]
[WhiteTeamCountry "GER"]
[BlackTeamCountry "GER"]

1. d4 d5 2. Nf3 Nf6 3. Bf4 Bf5 4. e3 c6 5. c3 Nbd7 6. Nbd2 e6 7. h3 Be7 8. Be2 Ne4 9. Nxe4 Bxe4 10. 0-0 0-0 11. Qb3 Qb6 12. Qxb6 Nxb6 13. Nd2 Bg6 14. Bf3 f6 15. e4 Nd7 16. exd5 exd5 17. Rfe1 Rfe8 18. Re3 Bf8 19. Rae1 Rxe3 20. Rxe3 Re8 21. Rxe8 Bxe8 22. Be2 Nb6 23. Bd1 1/2-1/2

[Event "Gelsenkirchen Silvester op 1st"]
[Site "Gelsenkirchen"]
[Date "2013.12.29"]
[Round "5"]
[White "Raabe, Stefan"]
[Black "Renn, Thorsten"]
[Result "1-0"]
[WhiteElo "1746"]
[BlackElo "1909"]
[PlyCount "33"]
[EventDate "2013.12.27"]
[EventType "swiss"]
[EventRounds "5"]
[EventCountry "GER"]
[SourceTitle "EXT 2019"]
[Source "ChessBase"]
[SourceDate "2018.10.10"]
[SourceVersion "1"]
[SourceVersionDate "2018.10.10"]
[SourceQuality "1"]

1. e4 e6 2. f4 d5 3. exd5 exd5 4. d4 Bf5 5. Nf3 Bd6 6. Bd3 Ne7 7. 0-0 f6 8. Re1 Qd7 9. Nc3 c6 10. Bxf5 Qxf5 11. Nh4 Qc8 12. Qh5+ Kd8 13. f5 Na6 14. Qf7 Kc7 15. Bf4 Bxf4 16. Rxe7+ Kb6 17. Rxb7+ 1-0

[Event "Gelsenkirchen Silvester op 1st"]
[Site "Gelsenkirchen"]
[Date "2013.12.27"]
[Round "1"]
[White "Renn, Thorsten"]
[Black "Kliem, Tobias"]
[Result "1-0"]
[WhiteElo "1909"]
[BlackElo "765"]
[PlyCount "35"]
[EventDate "2013.12.27"]
[EventType "swiss"]
[EventRounds "5"]
[EventCountry "GER"]
[SourceTitle "EXT 2019"]
[Source "ChessBase"]
[SourceDate "2018.10.10"]
[SourceVersion "1"]
[SourceVersionDate "2018.10.10"]
[SourceQuality "1"]

1. e4 e5 2. f4 d6 3. Nf3 Bg4 4. Bc4 c6 5. Nc3 d5 6. Be2 d4 7. Nb1 Bb4 8. Nxe5 Qh4+ 9. g3 Qh5 10. Bxg4 Qh6 11. c3 Qd6 12. Qb3 f6 13. Qf7+ Kd8 14. Qxg7 fxe5 15. Qxh8 Qf8 16. cxb4 Na6 17. Qxh7 Nxb4 18. Qd7# 1-0

[Event "Ruhrgebiet Regionalliga 1213"]
[Site "Nordrheinwestfalen"]
[Date "2013.05.05"]
[Round "9.8"]
[White "Koehn, Peter"]
[Black "Renn, Thorsten"]
[Result "1-0"]
[WhiteElo "2198"]
[BlackElo "1724"]
[PlyCount "43"]
[EventDate "2012.09.09"]
[EventType "team-tourn"]
[EventRounds "9"]
[EventCountry "GER"]
[SourceTitle "EXT 2020"]
[Source "ChessBase"]
[SourceDate "2019.10.17"]
[SourceVersion "1"]
[SourceVersionDate "2019.10.17"]
[SourceQuality "1"]
[WhiteTeam "Wattenscheid SV III"]
[BlackTeam "Horst Emscher"]
[WhiteTeamCountry "GER"]
[BlackTeamCountry "GER"]

1. e4 e6 2. d4 d5 3. Nd2 Nf6 4. e5 Nfd7 5. c3 c5 6. Bd3 Nc6 7. Ne2 Be7 8. 0-0 Qc7 9. Nf3 c4 10. Bc2 b5 11. Ng3 Nf8 12. Bg5 f6 13. exf6 gxf6 14. Bh6 Ng6 15. Re1 Nd8 16. Nh5 Kf7 17. Qd2 Bb7 18. Bg7 Rg8 19. Qh6 Bf8 20. Bxf8 Nxf8 21. Bxh7 Qe7 22. Bxg8+ 1-0

[Event "Ruhrgebiet VK3 1213"]
[Site "Nordrheinwestfalen"]
[Date "2013.01.13"]
[Round "5"]
[White "Renn, Thorsten"]
[Black "Lennartz, Christina"]
[Result "1-0"]
[WhiteElo "1679"]
[BlackElo "1585"]
[PlyCount "67"]
[EventDate "2012.09.02"]
[EventType "team-tourn"]
[EventRounds "9"]
[EventCountry "GER"]
[SourceTitle "EXT 2020"]
[Source "ChessBase"]
[SourceDate "2019.10.17"]
[SourceVersion "1"]
[SourceVersionDate "2019.10.17"]
[SourceQuality "1"]
[WhiteTeam "Horst Emscher II"]
[BlackTeam "Brackel SF III"]
[WhiteTeamCountry "GER"]
[BlackTeamCountry "GER"]

1. e4 c5 2. Nf3 a6 3. d4 cxd4 4. Nxd4 e5 5. Nb3 Nc6 6. Nc3 Bb4 7. Bd2 Nf6 8. Bc4 0-0 9. Nd5 Bxd2+ 10. Nxd2 b5 11. Nxf6+ Qxf6 12. Bd5 Rb8 13. Nf3 Ne7 14. 0-0 Bb7 15. Bxb7 Rxb7 16. Qe2 Re8 17. Rfd1 Ng6 18. g3 h6 19. Rd5 Qc6 20. Rad1 Re6 21. Qd3 Rc7 22. Rd2 Kh7 23. h4 Ne7 24. Nxe5 Qb7 25. Nxd7 Kg8 26. Nc5 Rxc5 27. Rxc5 Rxe4 28. Re2 Rxe2 29. Qxe2 Ng6 30. Qe8+ Kh7 31. h5 Ne7 32. Qxf7 Qe4 33. Rc7 Qe1+ 34. Kh2 1-0

[Event "Ruhrgebiet VK3 1213"]
[Site "Nordrheinwestfalen"]
[Date "2012.12.02"]
[Round "4"]
[White "Renn, Thorsten"]
[Black "Biermann, Klaus"]
[Result "0-1"]
[WhiteElo "1679"]
[BlackElo "1924"]
[PlyCount "126"]
[EventDate "2012.09.02"]
[EventType "team-tourn"]
[EventRounds "9"]
[EventCountry "GER"]
[SourceTitle "EXT 2020"]
[Source "ChessBase"]
[SourceDate "2019.10.17"]
[SourceVersion "1"]
[SourceVersionDate "2019.10.17"]
[SourceQuality "1"]
[WhiteTeam "Horst Emscher II"]
[BlackTeam "Essen Werden"]
[WhiteTeamCountry "GER"]
[BlackTeamCountry "GER"]

1. e4 c5 2. Nf3 Nc6 3. d4 cxd4 4. Nxd4 Qb6 5. Nxc6 dxc6 6. b3 e5 7. Be3 Bc5 8. Bxc5 Qxc5 9. Qd2 Nf6 10. f3 Be6 11. Qc3 Qxc3+ 12. Nxc3 Rd8 13. Rd1 Ke7 14. Bd3 Nd7 15. Kf2 Nc5 16. Be2 Rd4 17. Rxd4 exd4 18. Nb1 b5 19. Rd1 Rd8 20. Ke1 f5 21. Bd3 fxe4 22. fxe4 Bg4 23. Rd2 Bh5 24. Rf2 Ne6 25. Nd2 g5 26. b4 Bf7 27. Nf3 Ra8 28. e5 a5 29. Be4 Be8 30. Rd2 axb4 31. Nxd4 Nxd4 32. Rxd4 Rxa2 33. Bxh7 b3 34. cxb3 Rxg2 35. h3 Rg3 36. h4 gxh4 37. Rxh4 Rxb3 38. Kd2 c5 39. Bd3 Bf7 40. Rh7 Kf8 41. Rh8+ Kg7 42. Rh7+ Kg8 43. Rh4 c4 44. Bh7+ Kf8 45. Re4 Be6 46. Rf4+ Ke7 47. Rf6 Rh3 48. Bf5 Bxf5 49. Rxf5 Ke6 50. Rg5 Rd3+ 51. Kc2 Rd5 52. Kc3 Rxe5 53. Rg6+ Kd5 54. Rb6 Kc5 55. Rb8 b4+ 56. Kd2 Rh5 57. Rc8+ Kd4 58. Rd8+ Rd5 59. Rc8 b3 60. Rb8 Rd7 61. Rb5 c3+ 62. Kc1 Kc4 63. Rb8 b2+ 0-1